000 01450nam a2200361 a 4500
001 ELB86967
003 FlNmELB
006 m o d |
007 cr cn|||||||||
008 201201r2011 ag |||||s|||||||||||spa d
024 8 _z7.20121E+12
035 _a(MiAaPQ)EBC3204629
035 _a(Au-PeEL)EBL3204629
035 _a(CaPaEBR)ebr10625809
035 _a(OCoLC)929394072
040 _aFlNmELB
_bspa
_cFlNmELB
050 4 _aTP368
_bB5655 2011
080 _a641
082 0 4 _a641.4
_222
100 1 _aBetti, Paola.
245 1 0 _aEcomorfología de larvas y prerreclutas de merluza (Merluccius hubbsi) como aporte a su conservación
_h[recurso electronico]
_cPaola Betti.
260 _aBuenos Aires :
_bUniversidad de Buenos Aires,
_c2011.
300 _a194 p.
500 _aTesis (doctorado)- Universidad de Buenos Aires.
520 _aDescribe la ontogenia de la cavidad oromandibula, tubo digestivo, ojos y vejiga gaseosa en larvas y prerreclutas de merluza.
533 _aRecurso electrónico. Santa Fe, Arg.: e-libro, 2015. Disponible vía World Wide Web. El acceso puede estar limitado para las bibliotecas afiliadas a e-libro.
650 4 _aScience.
_xLife sciences.
_xBiology.
_xGeneral.
650 4 _aCiencias.
_xCiencias naturales.
_xBiología.
_xGeneral.
655 4 _aLibros electrónicos.
700 1 _aEhrlich, Martin D.
_4drt
710 2 _ae-libro, Corp.
856 4 0 _uhttps://elibro.net/ereader/usam/86967
999 _c152399
_d152399